000 00660nam a2200193 a 4500
001 BRCA_1437
005 20190320203428.0
008 860609s1985 mx-a---##b---#000-0#spa-d
020 _a968665805X
050 4 _aN6554
_b.R36 1985
100 1 _aRamírez, Fausto
_94704
245 1 0 _aLa plástica del siglo de la independencia
_ctexto, Fausto Ramírez ; fotografía, Enrique Franco Torrijos.
260 _aMéxico
_bFondo Editorial de la Plástica Mexicana
_c1985
300 _a148 p.
_bil. (algunas a color)
_c45 cm.
504 _aBibliografía : p. 145
650 1 4 _aArte mexicano
_ySiglo XIX
_94705
650 1 4 _aArte mexicano
_ySiglo XX
_94500
942 _2lcc
_cB
999 _c1299
_d1299